00465nam a2200193 a 4500001001300000003000900013005001700022008004100039020001000080082001600090100001900106245002700125260003100152300000900183500003500192505001000227650001500237700001900252nice12345678IN_TiNIC20260116013349.0050524s0000 iraa grp 000 0 eng  ac10000a297.82bJOR aJordac, George aVoice of Human Justice aIran bAnsariyan Pubc0000 a507p aincludes index and biblioraphy2 aIndex aAli-Caliph1 aJordac, George